Szczegóły MARC21

Wybrane ośrodki informacji europejskiej w Polsce : informator /

003 -Nazwa inst., której nr kontr. jest w polu 001 [,]
    • @
    • Nazwa instytucji, której n kontrolny jest w polu 001
    • NUKAT
005 -DATA I CZAS OSTATNIEJ MODYFIKACJI [,]
    • @
    • pole kontrolne
    • 20241231113913.0
020 -Międzynarod. znormalizowany nr książki - ISBN [ , ]
    • a
    • Numer ISBN
    • 8389218380 Find
040 -Instytucja sporządzająca opis [ , ]
    • a
    • Instytucja, która sporządziła opis (NP)
    • WR U/PAd
    • c
    • Instytucja, która sporządziła rekord (NP)
    • WR U/ap
    • d
    • Instytucja, która zmodyfikowała rekord (P)
    • WR U/dl
    • d
    • Instytucja, która zmodyfikowała rekord (P)
    • KR U/ynk
    • d
    • Instytucja, która zmodyfikowała rekord (P)
    • KR 93/MSs
942 -Rodzaj dokumentu [ , ]
    • c
    • Rodzaj dokumentu
    • Książka
245 -Strefa tytułu i oznaczenia odpowiedzialności [0,0]
    • a
    • Tytuł
    • Wybrane ośrodki informacji europejskiej w Polsce : Find
    • b
    • Ciąg dalszy tytułu (NP)
    • informator / Find
    • c
    • Pozostałe elementy strefy tytułu i oznaczenia odpowiedzialności (NP)
    • [publikacja oprac. przez zespół Biblioteki Depozytowej Wspólnot Europejskich].
260 -Strefa adresu wydawniczego [ , ]
    • a
    • Miejsce wydania (P)
    • Warszawa :
    • b
    • Nazwa wydawcy (P)
    • Urząd Komitetu Integracji Europejskiej,
    • c
    • Data wydania (P)
    • 2003.
300 -Strefa opisu fizycznego [ , ]
    • a
    • Określenie formy książki i/lub objętość (NP)
    • 104 s. ;
    • c
    • Format (NP)
    • 24 cm.
336 -Typ zawartości [ , ]
    • a
    • Termin opisujący typ zawartości
    • Tekst
    • b
    • Kod określający zawartość
    • txt
    • 2
    • Źródło (terminu i kodu)
    • rdacontent
337 -Typ mediów [ , ]
    • a
    • Tryb odtwarzania
    • Bez urządzenia pośredniczącego
    • b
    • Kod typu mediów
    • n
    • 2
    • Źródło (terminu i kodu)
    • rdamedia
338 -Typ/rodzaj nośnika [ , ]
    • a
    • Hasło opisujące typ nośnika
    • Wolumin
    • b
    • Kod typu nośnika
    • nc
    • 2
    • Źródło (terminu i kodu)
    • rdacarrier
500 -Uwaga ogólna [ , ]
    • a
    • Uwaga ogólna (NP)
    • Gł. tab.
080 -Uniwersalna Klasyfikacja Dziesiętna [ , ]
    • a
    • Symbol klasyfikacji
    • 061.1(4-67):339.923:327.39
    • 2
    • Identyfikator wydania tablic
    • UDC-P058
    • 9
    • UKD
    • 9653
    • b
    • Dopowiedzenie
    • Unia Europejska.
    • 4
    • UKD2
    • 11425
    • x
    • Poddział wspólny
    • (058)
    • c
    • Dopowiedzenie poddz. wspólnego
    • (Roczniki. Informatory. Księgi adresowe. Spisy osób różnych zawodów).
610 -Hasło przedmiotowe w formie nazwy ciała zbiorowego [2,7]
    • a
    • Nazwa ciała zbiorowego lub nazwa geograficzna
    • Unia Europejska
    • x
    • Określnik ogólny
    • służby informacyjne
    • z
    • Określnik geograficzny
    • Polska
    • v
    • Określnik formalny
    • spisy.
    • 2
    • Źródło terminu
    • kaba
    • 9
    • KHW
    • 657302
980 -Symbol UKD [ , ]
    • a
    • UKD
    • 061.1(4-67):339.923:327.39 Unia Europejska](058)
710 -Hasło dodatkowe - nazwa ciała zbiorowego [1, ]
    • a
    • Nazwa ciała zbiorowego lub nazwa geograficzna jako pierwszy element (NP)
    • Polska.
    • b
    • Nazwa jednostki podrzędnej (P)
    • Urząd Komitetu Integracji Europejskiej.
    • b
    • Nazwa jednostki podrzędnej (P)
    • Biblioteka Depozytowa Wspólnot Europejskich.
    • 9
    • KHW
    • 248892
920 -ISBN [ , ]
    • a
    • ISBN
    • 83-89218-38-0 Find
Sygnatura Numer inwentarzowy Status udost. Lokalizacja Data inwentaryzacji
 S.91156-2BE2004-05-12
 CDE.12081BG2004-02-16
 CDE.13141BG2004-07-08
 Z.1102371BG2008-02-12
SA.13163SA.131631BSA2004-11-04
 T.7811-3T2004-04-06